{"text_format":"3","workbook":"xlsx","n_sheets":1,"sheets":["地上劳务"],"read":"whole","date_system":"1900"}

{"sheet":"地上劳务","index":0,"n_rows":53,"n_cols":8,"rows_kept":53,"merged":[[0,0,0,7],[1,0,1,7],[2,0,3,0],[2,1,3,1],[2,2,3,2],[2,3,3,3],[2,4,3,4],[2,5,2,6],[2,7,3,7],[4,1,4,2],[4,7,19,7],[20,1,20,2],[20,7,35,7],[36,1,36,2],[36,7,51,7],[52,1,52,2]]}
["控制价清单表"]
["隆润朗景台项目-（高层、合院、商业及服务用房）劳务分包采购控制价清单"]
["序号","工程或费用名称","项目特征/工作内容","单位","暂定工程量","控制价（含税3%）",null,"备注"]
[{"$nulls":5},"综合单价(元）","综合合价(元)"]
["一","建筑面积包干项-高层/小高层",null,"m2",{"$f":"+E6","v":74808.57},{"$f":"SUM(F6:F20)","v":448.6},{"$f":"SUM(G6:G20)","v":33559124.502},"注：\n单价中均已包括了乙方为实施和完成本合同工程所需的全部成本（除合同约定由甲方提供或承担外），包括但不限于人工、辅材、小型机械、加工制作、运输、上下车、搬运及多次转运、预留预埋、调试、试验、周转材料、机械设备、质检（自检）、材料检测、验收合格、施工临时用水用电、临时办公及工人食宿、成品及半成品保护、安全文明生产施工费用、环境保护费用、冬雨季及夜间施工增加费、临时设施费、临时用地的征用及复耕、保险、规费、税金、垃圾清运、管理费、合理利润，以及为本工程修复缺陷的全部费用，承包本工程应承担的一切责任、义务和风险费用；未详尽内容按照对应清单项特征及工作内容执行。"]
[1,"钢筋分项工程","包括但不限于场内垫层及以上的基础结构、一次结构、零星工程：钢筋的制安、材料的一次及多次转运等。单价含除钢筋主材以外的所有内容（如人工、辅材、大小型机械或机具等）。","m2",74808.57,42.02,{"$f":"E6*F6","v":{"v":3143456.1114,"d":"3143456.11"}}]
[2,"模板分项工程","包括但不限于场内垫层及以上的基础结构、一次结构、零星工程：模板制安、分类整理、材料的一次及多次转运等，单价含除模板主材以外的所有的内容（如人工、木方，拉杆（包括止水拉杆），蝴蝶扣等辅材和大小型机械或机具）。","m2",74808.57,144.43,{"$f":"E7*F7","v":{"v":10804601.7651,"d":"10804601.77"}}]
[3,"混凝土分项工程","包括但不限于场内垫层及以上的基础结构、一次结构、零星工程：浇筑、振捣、养护等，材料一次及多次转运等，不同标号处钢丝网（单价含材料）制安；单价含除砼主材以外完成浇筑所需的所有内容（如人工、辅材、大小型机械或机具）。","m2",74808.57,18.54,{"v":1386950.8878,"d":"1386950.89"}]
[4,"脚手架分项工程","包括但不限于场内所有脚手架（内外架、横竖向、满堂、单双排、悬挑等）的搭拆、悬挑水平铺设、附墙点与主体预埋及连接、安全通道及临时加工棚的搭拆等材料一次及多次转运 、拆除脚手架后材料的堆放；单价含主材钢管、工字钢、扣件、撑杆、顶托、钢丝绳、油漆等所有内容（如人工、主辅材、大小型机械或机具等）","m2",74808.57,{"v":30,"d":"30.00"},{"v":2244257.1,"d":"2244257.10"}]
[5,"砖砌体分项工程","包括但不限于场内所有砌体工程：砌体砌筑、砂浆制安、一次及多次转运、砌砖、砌块、擦缝勾缝。单价含等除钢筋、砌体、砂浆主材以外的所有内容（如人工、辅材、大小型机械或机具等）。","m2",74808.57,{"v":37.9,"d":"37.90"},{"v":2835244.803,"d":"2835244.80"}]
[6,"二次结构工程","包括但不限于圈梁、过梁、构造柱、反坎、翻边、散水植筋（单价含植筋胶材料）等二次结构工程：单价含除钢筋、模板、混凝土主材以外的所有内容（如人工、辅材、大小型机械或机具等）","m2",74808.57,{"v":25,"d":"25.00"},1870214.25]
[7,"内抹灰工程","包括但不限于场内的内抹灰随砌随抹及踢脚工程：基层清理整平、素水泥浆掺胶（单价含建筑胶材料）、界面剂（单价含材料）涂刷、墙面找平、墙面防水、钢丝网（单价含材料）铺设、变形缝（单价含材料）。单价含除砂浆、防水主材以外的所有内容（如人工、辅材、大小型机械或机具等）","m2",74808.57,32.57,{"v":2436515.1249,"d":"2436515.12"}]
[8,"外抹灰工程","包括但不限于场内的外抹灰及泛水处理等；基层清理整平、素水泥浆掺胶（单价含建筑胶材料）、界面剂（单价含材料）涂刷、墙面找平、钢丝网（单价含材料）铺设、变形缝（单价含材料）。单价含除砂浆以外的所有内容（如人工、辅材、大小型机械或机具等）","m2",74808.57,19.31,{"v":1444553.4867,"d":"1444553.49"}]
[9,"防水及保温工程","包括但不限于场内的外墙保温及防水涂料：基层清理整平、外墙防水、专业粘接剂（单价包含材料）、网格布铺设（单价含材料）、锚栓及支架（单价含材料）、抗裂砂浆（单价不含材料）等保温系统；单价含除防水主材及保温板、抗裂砂浆以外的所有内容（如人工、主辅材、大小型机械或机具等）","m2",74808.57,{"v":19.9,"d":"19.90"},{"v":1488690.543,"d":"1488690.54"}]
[10,"天棚工程","包括但不限于场内天棚（或架空层）：基层清理整平、素水泥浆掺胶（单价含建筑胶材料）、界面剂（单价含材料）、抹灰、防水、找平、钢丝网铺设（单价含材料）、架空层天棚保温的铺设；单价含除砂浆主材、保温板主材以外的所有内容（如人工、主辅材、大小型机械或机具等）","m2",74808.57,3.27,{"v":244624.0239,"d":"244624.02"}]
[11,"楼地面工程","包括但不限于楼地面或窗台工程：素土夯实、基层清理整平、碎石或砼垫层、素水泥浆掺胶（单价含建筑胶材料）、钢筋网片铺设、找平层或找坡层、水泥砂浆层、防水砂浆或防水、卫生间回填、楼面保温隔声系统铺设、细石砼、刚性层、随捣随抹；单价含除砼、钢筋、砂浆、防水主材、保温板主材及卫生间回填主材以外的所有内容（如人工、主辅材、大小型机械或机具等）","m2",74808.57,10.61,{"v":793718.9277,"d":"793718.93"}]
[12,"屋面工程","包括但不限于上人或不上人屋面工程：基层清理整平、防水涂料或卷材、找平层、找坡层、保温层、隔离层（单价含无纺布材料）、钢筋网片铺设、刚性层、分仓缝（单价含缝内油膏材料）、变形缝（单价含材料）；单价含除钢筋、砼主材、陶粒找坡层主材、防水主材以外的所有内容（如人工、主辅材、大小型机械或机具等）","m2",74808.57,17.51,{"v":1309898.0607,"d":"1309898.06"}]
[13,"安全文明施工费","包括但不限于施工范围及附近所含道路范围内安全文明施工（施工范围内三宝四口五临边及安全通道转运安拆（单价含安全标识标语材料）、所有水平垂直防护网、兜网、挂网（单价含所有水平、垂直安全防护网材料）、踢脚板（或跳板）（单价含踢脚板或跳板材料）、楼层标志线（含标志线材料）、安全通道及加工棚水平垂直防护（单价含防护所有材料）、楼栋内所有临边洞口防护（含防护材料）、办公区及生活区临时建筑搭拆、环境保护所设置的大门冲洗设施设备及施工大门进出口清洁维护、施工临时围挡搭拆、场内道路硬化、场内临时绿化、场内扬尘控制措施、垃圾封闭处理、工完场清的清洁及垃圾外运及弃渣费以及其他零星工程的人工、机械（机具）、所有材料；所有施工内容涉及劳务住宿费用、垂直运输机械基础制安、司机和信号工等全部劳务费用；现场一级配电箱(或箱变房）后的所有临电布置、现场主接水点后的所有临水布置；对施工范围内所有专业分包施工所产生的配合、吊装、转运。","m2",74808.57,{"v":15,"d":"15.00"},1122128.55]
[14,"其它零星工程","包括但不限于室内外其他土建工程：所有一次二次结构钢筋保护层所设置的支撑或垫块、烟道制安（单价不含材料）、卫生间排气防雨罩（单价含材料）、施工范围内二次开孔、散水、散（排、截）水沟或暗沟）、台阶、平台、坡道工程、信报箱（单价含材料）、现浇或成品檐沟（单价含成品檐沟材料）、检修爬梯（单价含成品爬梯材料）及其他零星预埋铁件；配合迎检进行场地布置及所有主体结构内的收边收口等；除本清单项包含的内容外剩余的主体结构劳务均包含在本项当中（如人工、辅材、大小型机械或机具等）","m2",74808.57,9.54,{"v":713673.7578,"d":"713673.76"}]
[15,"水电预留预埋","包括但不限于所有一次结构二次结构内的给排水、强弱电、消防、暖通、智能化、光彩的预留预埋工程：施工范围内的上述工程需要再一次结构二次结构内进行预留预埋洞口及管线套管、穿墙套管、套管内引线（单价含材料）、防雷接地制作与安装。","m2",74808.57,{"v":23,"d":"23.00"},1720597.11]
["二","建筑面积包干项-合院",null,"m2",{"$f":"+E22","v":7661.83},{"$f":"SUM(F22:F36)","v":502.51},{"$f":"SUM(G22:G36)","v":3850146.1933},"注：\n单价中均已包括了乙方为实施和完成本合同工程所需的全部成本（除合同约定由甲方提供或承担外），包括但不限于人工、辅材、小型机械、加工制作、运输、上下车、搬运及多次转运、预留预埋、调试、试验、周转材料、机械设备、质检（自检）、材料检测、验收合格、施工临时用水用电、临时办公及工人食宿、成品及半成品保护、安全文明生产施工费用、环境保护费用、冬雨季及夜间施工增加费、临时设施费、临时用地的征用及复耕、保险、规费、税金、垃圾清运、管理费、合理利润，以及为本工程修复缺陷的全部费用，承包本工程应承担的一切责任、义务和风险费用；未详尽内容按照对应清单项特征及工作内容执行。"]
[1,"钢筋分项工程","包括但不限于场内垫层及以上的基础结构、一次结构、零星工程：钢筋的制安、材料的一次及多次转运等。单价含除钢筋主材以外的所有内容（如人工、辅材、大小型机械或机具等）。","m2",7661.83,52.53,{"$f":"E22*F22","v":{"v":402475.9299,"d":"402475.93"}}]
[2,"模板分项工程","包括但不限于场内垫层及以上的基础结构、一次结构、零星工程：模板制安、分类整理、材料的一次及多次转运等，单价含除模板主材以外的所有的内容（如人工、木方，拉杆（包括止水拉杆），蝴蝶扣等辅材和大小型机械或机具）。","m2",7661.83,148.73,{"v":1139543.9759,"d":"1139543.98"}]
[3,"混凝土分项工程","包括但不限于场内垫层及以上的基础结构、一次结构、零星工程：浇筑、振捣、养护等，材料一次及多次转运等，不同标号处钢丝网（单价含材料）制安；单价含除砼主材以外完成浇筑所需的所有内容（如人工、辅材、大小型机械或机具）。","m2",7661.83,23.18,{"v":177601.2194,"d":"177601.22"}]
[4,"脚手架分项工程","包括但不限于场内所有脚手架（内外架、横竖向、满堂、单双排、悬挑等）的搭拆、悬挑水平铺设、附墙点与主体预埋及连接、安全通道及临时加工棚的搭拆等材料一次及多次转运 、拆除脚手架后材料的堆放；单价含主材钢管、工字钢、扣件、撑杆、顶托、钢丝绳、油漆等所有内容（如人工、主辅材、大小型机械或机具等）","m2",7661.83,{"v":30,"d":"30.00"},{"v":229854.9,"d":"229854.90"}]
[5,"砖砌体分项工程","包括但不限于场内所有砌体工程：砌体砌筑、砂浆制安、一次及多次转运、砌砖、砌块、擦缝勾缝。单价含等除钢筋、砌体、砂浆主材以外的所有内容（如人工、辅材、大小型机械或机具等）。","m2",7661.83,52.12,{"v":399334.5796,"d":"399334.58"}]
[6,"二次结构工程","包括但不限于圈梁、过梁、构造柱、反坎、翻边、散水植筋（单价含植筋胶材料）等二次结构工程：单价含除钢筋、模板、混凝土主材以外的所有内容（如人工、辅材、大小型机械或机具等）","m2",7661.83,{"v":25,"d":"25.00"},191545.75]
[7,"内抹灰工程","包括但不限于场内的内抹灰随砌随抹及踢脚工程：基层清理整平、素水泥浆掺胶（单价含建筑胶材料）、界面剂（单价含材料）涂刷、墙面找平、墙面防水、钢丝网（单价含材料）铺设、变形缝（单价含材料）。单价含除砂浆、防水主材以外的所有内容（如人工、辅材、大小型机械或机具等）","m2",7661.83,{"v":37.2,"d":"37.20"},{"v":285020.076,"d":"285020.08"}]
[8,"外抹灰工程","包括但不限于场内的外抹灰及泛水处理等；基层清理整平、素水泥浆掺胶（单价含建筑胶材料）、界面剂（单价含材料）涂刷、墙面找平、钢丝网（单价含材料）铺设、变形缝（单价含材料）。单价含除砂浆以外的所有内容（如人工、辅材、大小型机械或机具等）","m2",7661.83,28.33,{"v":217059.6439,"d":"217059.64"}]
[9,"外墙防水及保温","包括但不限于场内的外墙保温及防水涂料：基层清理整平、外墙保温板铺设、素水泥浆掺胶（单价含建筑胶材料）、界面剂（单价含材料）、外墙防水、专业粘接剂（单价包含材料）、网格布铺设（单价含材料）、锚栓及支架（单价含材料）、抗裂砂浆（单价不含材料）等保温系统；单价含除防水主材及保温板、抗裂砂浆以外的所有内容（如人工、主辅材、大小型机械或机具等）","m2",7661.83,24.58,{"v":188327.7814,"d":"188327.78"}]
[10,"天棚工程","包括但不限于场内天棚（或架空层）：基层清理整平、素水泥浆掺胶（单价含建筑胶材料）、界面剂（单价含材料）、抹灰、防水、找平、钢丝网铺设（单价含材料）、天棚保温的铺设；单价含除砂浆主材、保温板主材以外的所有内容（如人工、主辅材、大小型机械或机具等）","m2",7661.83,5.11,{"v":39151.9513,"d":"39151.95"}]
[11,"楼地面工程","包括但不限于楼地面或窗台工程：素土夯实、基层清理整平、碎石或砼垫层、素水泥浆掺胶（单价含建筑胶材料）、钢筋网片铺设、找平层或找坡层、水泥砂浆层、防水砂浆或防水、卫生间回填、楼面保温隔声系统铺设、细石砼、刚性层、随捣随抹；单价含除砼、钢筋、砂浆、防水主材、保温板主材及卫生间回填主材以外的所有内容（如人工、主辅材、大小型机械或机具等）","m2",7661.83,10.61,{"v":81292.0163,"d":"81292.02"}]
[12,"屋面工程","包括但不限于上人或不上人屋面工程：基层清理整平、防水涂料或卷材、找平层、找坡层、保温层、隔离层（单价含无纺布材料）、钢筋网片铺设、刚性层、分仓缝（单价含缝内油膏材料）、变形缝（单价含材料）；单价含除钢筋、砼主材、陶粒找坡层主材、防水主材以外的所有内容（如人工、主辅材、大小型机械或机具等）","m2",7661.83,17.51,{"v":134158.6433,"d":"134158.64"}]
[13,"安全文明施工费","包括但不限于施工范围及附近所含道路范围内安全文明施工（施工范围内三宝四口五临边及安全通道转运安拆（单价含安全标识标语材料）、所有水平垂直防护网、兜网、挂网（单价含所有水平、垂直安全防护网材料）、踢脚板（或跳板）（单价含踢脚板或跳板材料）、楼层标志线（含标志线材料）、安全通道及加工棚水平垂直防护（单价含防护所有材料）、楼栋内所有临边洞口防护（含防护材料）、办公区及生活区临时建筑搭拆、环境保护所设置的大门冲洗设施设备及施工大门进出口清洁维护、施工临时围挡搭拆、场内道路硬化、场内临时绿化、场内扬尘控制措施、垃圾封闭处理、工完场清的清洁及垃圾外运及弃渣费以及其他零星工程的人工、机械（机具）、所有材料；所有施工内容涉及劳务住宿费用、垂直运输机械基础制安、司机和信号工等全部劳务费用；现场一级配电箱(或箱变房）后的所有临电布置、现场主接水点后的所有临水布置；对施工范围内所有专业分包施工所产生的配合、吊装、转运。","m2",7661.83,{"v":15,"d":"15.00"},114927.45]
[14,"其它零星工程","包括但不限于室内外其他土建工程：所有一次二次结构钢筋保护层所设置的支撑或垫块、烟道制安（单价不含材料）、卫生间排气防雨罩（单价含材料）、屋面风帽（单价含材料）、施工范围内二次开孔、散水、散（排、截）水沟或暗沟）、室内井坑及盖板踏步（单价含盖板及踏步材料）、台阶、平台、坡道工程、信报箱（单价含材料）、现浇或成品檐沟（单价含成品檐沟材料）、检修爬梯（单价含成品爬梯材料）及其他零星预埋铁件；配合迎检进行场地布置及所有主体结构内的收边收口等；除本清单项包含的内容外剩余的主体结构劳务均包含在本项当中（如人工、辅材、大小型机械或机具等）","m2",7661.83,9.61,{"v":73630.1863,"d":"73630.19"}]
[15,"水电预留预埋","包括但不限于所有一次结构二次结构内的给排水、强弱电、消防、暖通、智能化、光彩的预留预埋工程：施工范围内的上述工程需要再一次结构二次结构内进行预留预埋洞口及管线套管、穿墙套管、套管内引线（单价含材料）、防雷接地制作与安装。","m2",7661.83,{"v":23,"d":"23.00"},176222.09]
["二","建筑面积包干项-商业及服务用房",null,"m2",{"$f":"+E38","v":3821.12},{"$f":"SUM(F38:F52)","v":444.19},{"$f":"SUM(G38:G52)","v":1697303.2928},"注：\n单价中均已包括了乙方为实施和完成本合同工程所需的全部成本（除合同约定由甲方提供或承担外），包括但不限于人工、辅材、小型机械、加工制作、运输、上下车、搬运及多次转运、预留预埋、调试、试验、周转材料、机械设备、质检（自检）、材料检测、验收合格、施工临时用水用电、临时办公及工人食宿、成品及半成品保护、安全文明生产施工费用、环境保护费用、冬雨季及夜间施工增加费、临时设施费、临时用地的征用及复耕、保险、规费、税金、垃圾清运、管理费、合理利润，以及为本工程修复缺陷的全部费用，承包本工程应承担的一切责任、义务和风险费用；未详尽内容按照对应清单项特征及工作内容执行。"]
[1,"钢筋分项工程","包括但不限于场内垫层及以上的基础结构、一次结构、零星工程：钢筋的制安、材料的一次及多次转运等。单价含除钢筋主材以外的所有内容（如人工、辅材、大小型机械或机具等）。","m2",3821.12,44.13,{"$f":"E38*F38","v":{"v":168626.0256,"d":"168626.03"}}]
[2,"模板分项工程","包括但不限于场内垫层及以上的基础结构、一次结构、零星工程：模板制安、分类整理、材料的一次及多次转运等，单价含除模板主材以外的所有的内容（如人工、木方，拉杆（包括止水拉杆），蝴蝶扣等辅材和大小型机械或机具）。","m2",3821.12,117.42,{"v":448675.9104,"d":"448675.91"}]
[3,"混凝土分项工程","包括但不限于场内垫层及以上的基础结构、一次结构、零星工程：浇筑、振捣、养护等，材料一次及多次转运等，不同标号处钢丝网（单价含材料）制安；单价含除砼主材以外完成浇筑所需的所有内容（如人工、辅材、大小型机械或机具）。","m2",3821.12,20.09,{"v":76766.3008,"d":"76766.30"}]
[4,"脚手架分项工程","包括但不限于场内所有脚手架（内外架、横竖向、满堂、单双排、悬挑等）的搭拆、悬挑水平铺设、附墙点与主体预埋及连接、安全通道及临时加工棚的搭拆等材料一次及多次转运 、拆除脚手架后材料的堆放；单价含主材钢管、工字钢、扣件、撑杆、顶托、钢丝绳、油漆等所有内容（如人工、主辅材、大小型机械或机具等）","m2",3821.12,{"v":30,"d":"30.00"},{"v":114633.6,"d":"114633.60"}]
[5,"砖砌体分项工程","包括但不限于场内所有砌体工程：砌体砌筑、砂浆制安、一次及多次转运、砌砖、砌块、擦缝勾缝。单价含等除钢筋、砌体、砂浆主材以外的所有内容（如人工、辅材、大小型机械或机具等）","m2",3821.12,47.38,{"v":181044.6656,"d":"181044.67"}]
[6,"二次结构工程","包括但不限于圈梁、过梁、构造柱、反坎、翻边、散水植筋（单价含植筋胶材料）等二次结构工程：单价含除钢筋、模板、混凝土主材以外的所有内容（如人工、辅材、大小型机械或机具等）","m2",3821.12,{"v":25,"d":"25.00"},{"v":95528,"d":"95528.00"}]
[7,"内抹灰工程","包括但不限于场内的内抹灰随砌随抹及踢脚工程：基层清理整平、素水泥浆掺胶（单价含建筑胶材料）、界面剂（单价含材料）涂刷、墙面找平、墙面防水、钢丝网（单价含材料）铺设、变形缝（单价含材料）。单价含除砂浆、防水主材以外的所有内容（如人工、辅材、大小型机械或机具等）","m2",3821.12,32.57,{"v":124453.8784,"d":"124453.88"}]
[8,"外抹灰工程","包括但不限于场内的外抹灰及泛水处理等；基层清理整平、素水泥浆掺胶（单价含建筑胶材料）、界面剂（单价含材料）涂刷、墙面找平、钢丝网（单价含材料）铺设、变形缝（单价含材料）。单价含除砂浆以外的所有内容（如人工、辅材、大小型机械或机具等）","m2",3821.12,28.33,{"v":108252.3296,"d":"108252.33"}]
[9,"外墙防水及保温","包括但不限于场内的外墙保温及防水涂料：基层清理整平、外墙保温板铺设、素水泥浆掺胶（单价含建筑胶材料）、界面剂（单价含材料）、外墙防水、专业粘接剂（单价包含材料）、网格布铺设（单价含材料）、锚栓及支架（单价含材料）、抗裂砂浆（单价不含材料）等保温系统；单价含除防水主材及保温板、抗裂砂浆以外的所有内容（如人工、主辅材、大小型机械或机具等）","m2",3821.12,23.07,{"v":88153.2384,"d":"88153.24"}]
[10,"天棚工程","包括但不限于场内天棚（或架空层）：基层清理整平、素水泥浆掺胶（单价含建筑胶材料）、界面剂（单价含材料）、抹灰、防水、找平、钢丝网铺设（单价含材料）；单价含除砂浆主材、防水主材以外的所有内容（如人工、主辅材、大小型机械或机具等）","m2",3821.12,0.93,{"v":3553.6416,"d":"3553.64"}]
[11,"楼地面工程","包括但不限于楼地面工程：素土夯实、基层清理整平、碎石或砼垫层、素水泥浆掺胶（单价含建筑胶材料）、钢筋网片铺设、找平层或找坡层、水泥砂浆层、防水砂浆或防水、卫生间回填、细石砼、刚性层、随捣随抹；单价含除砼、钢筋、砂浆、防水主材及卫生间回填主材以外的所有内容（如人工、主辅材、大小型机械或机具等）","m2",3821.12,10.26,{"v":39204.6912,"d":"39204.69"}]
[12,"屋面工程","包括但不限于上人或不上人屋面工程：基层清理整平、防水涂料或卷材、找平层、找坡层、保温层、隔离层（单价含无纺布材料）、钢筋网片铺设、刚性层、分仓缝（单价含缝内油膏材料）、变形缝（单价含材料）；单价含除钢筋、砼主材、陶粒找坡层主材、防水主材以外的所有内容（如人工、主辅材、大小型机械或机具等）","m2",3821.12,17.51,{"v":66907.8112,"d":"66907.81"}]
[13,"安全文明施工费","包括但不限于施工范围及附近所含道路范围内安全文明施工（施工范围内三宝四口五临边及安全通道转运安拆（单价含安全标识标语材料）、所有水平垂直防护网、兜网、挂网（单价含所有水平、垂直安全防护网材料）、踢脚板（或跳板）（单价含踢脚板或跳板材料）、楼层标志线（含标志线材料）、安全通道及加工棚水平垂直防护（单价含防护所有材料）、楼栋内所有临边洞口防护（含防护材料）、办公区及生活区临时建筑搭拆、环境保护所设置的大门冲洗设施设备及施工大门进出口清洁维护、施工临时围挡搭拆、场内道路硬化、场内临时绿化、场内扬尘控制措施、垃圾封闭处理、工完场清的清洁及垃圾外运及弃渣费以及其他零星工程的人工、机械（机具）、所有材料；所有施工内容涉及劳务住宿费用、垂直运输机械基础制安、司机和信号工等全部劳务费用；现场一级配电箱(或箱变房）后的所有临电布置、现场主接水点后的所有临水布置；对施工范围内所有专业分包施工所产生的配合、吊装、转运。","m2",3821.12,{"v":15,"d":"15.00"},{"v":57316.8,"d":"57316.80"}]
[14,"其它零星工程","包括但不限于室内外其他土建工程：所有一次二次结构钢筋保护层所设置的支撑或垫块、排烟井（单价含排烟井内侧镀锌板材料）、卫生间排气防雨罩（单价含材料）、施工范围内二次开孔、散水、散（排、截）水沟或暗沟）、室内井坑及盖板踏步（单价含盖板及踏步材料）、台阶、平台、坡道工程、现浇或成品檐沟（单价含成品檐沟材料）、检修爬梯（单价含成品爬梯材料）及其他零星预埋铁件；配合迎检进行场地布置及所有主体结构内的收边收口等；除本清单项包含的内容外剩余的主体结构劳务均包含在本项当中（如人工、辅材、大小型机械或机具等）","m2",3821.12,{"v":9.5,"d":"9.50"},36300.64]
[15,"水电预留预埋","包括但不限于所有一次结构二次结构内的给排水、强弱电、消防、暖通、智能化、光彩的预留预埋工程：施工范围内的上述工程需要再一次结构二次结构内进行预留预埋洞口及管线套管、穿墙套管、套管内引线（单价含材料）、防雷接地制作与安装。","m2",3821.12,{"v":23,"d":"23.00"},87885.76]
["三","建筑面积包干项-合计",null,"元",{"$f":"+E37+E21+E5","v":86291.52},{"$f":"+G53/E53","v":{"v":453.191391090341,"d":"453.19"}},{"$f":"+G37+G21+G5","v":39106573.9881}]